[Event "GRE-ch U16"]
[Site "Thessaloniki"]
[Date "2022.08.24"]
[Round "9"]
[White "Kavounis, Giorgos"]
[Black "Georgiadis, Athanasios Kat"]
[Result "0-1"]
[WhiteElo "1555"]
[BlackElo "1694"]
[PlyCount "96"]
[EventDate "2022.08.18"]
[EventType "swiss"]
[EventRounds "9"]
[EventCountry "GRE"]
[SourceTitle "EXT 2024"]
[Source "ChessBase"]
[SourceDate "2023.10.10"]
[SourceVersion "1"]
[SourceVersionDate "2023.10.10"]
[SourceQuality "1"]

1. e4 e6 2. d4 d5 3. exd5 exd5 4. c4 Nf6 5. Nc3 Be7 6. Bd3 0-0 7. Nf3 dxc4 8. Bxc4 Nbd7 9. a3 Nb6 10. Ba2 c6 11. h3 Nfd5 12. 0-0 Bf5 13. Re1 Re8 14. Be3 Bf6 15. Qd2 Qd7 16. Bg5 Bxg5 17. Nxg5 f6 18. Nge4 Kh8 19. Nc5 Qc7 20. Rac1 Re7 21. Rxe7 Qxe7 22. Re1 Qc7 23. Qe2 Bg6 24. Nxd5 Nxd5 25. Bxd5 cxd5 26. Qe7 Qxe7 27. Rxe7 b6 28. Ne6 Re8 29. Rxe8+ Bxe8 30. Kf1 Kg8 31. Nf4 Bb5+ 32. Ke1 Bc4 33. h4 Kf7 34. Kd2 g5 35. hxg5 fxg5 36. Nd3 Bxd3 37. Kxd3 h5 38. Kc3 h4 39. f3 Kf6 40. Kb4 Kf5 41. Kb5 Kf4 42. Kc6 Kg3 43. Kxd5 Kxg2 44. Kc6 h3 45. d5 h2 46. d6 h1Q 47. d7 Qc1+ 48. Kb7 Qd2 0-1

[Event "GRE-ch U16"]
[Site "Thessaloniki"]
[Date "2022.08.21"]
[Round "5"]
[White "Kavounis, Giorgos"]
[Black "Tsitros, Anastasios Christos"]
[Result "0-1"]
[WhiteElo "1555"]
[BlackElo "1419"]
[PlyCount "72"]
[EventDate "2022.08.18"]
[EventType "swiss"]
[EventRounds "9"]
[EventCountry "GRE"]
[SourceTitle "EXT 2024"]
[Source "ChessBase"]
[SourceDate "2023.10.10"]
[SourceVersion "1"]
[SourceVersionDate "2023.10.10"]
[SourceQuality "1"]

1. e4 e6 2. d4 d5 3. exd5 exd5 4. c4 c6 5. Nf3 Nf6 6. Bg5 h6 7. Bh4 Be7 8. Be2 dxc4 9. Bxc4 0-0 10. 0-0 Bg4 11. Re1 Bxf3 12. Qxf3 Qxd4 13. Nd2 Bd8 14. Bxf6 Bxf6 15. Red1 Re8 16. Qb3 Re7 17. Nf3 Qb6 18. Qxb6 axb6 19. Re1 Rxe1+ 20. Rxe1 Nd7 21. Re2 b5 22. Bb3 Nc5 23. h3 Nxb3 24. axb3 Kf8 25. Ne1 Re8 26. Rxe8+ Kxe8 27. Nd3 b6 28. Kf1 Kd7 29. Ke2 Kd6 30. Ke3 c5 31. b4 c4 32. Nf4 Bxb2 33. Ke4 Bc3 34. Nh5 g6 35. Nf4 Bxb4 36. Nd5 f5+ 0-1

[Event "GRE-chT Online Rapid op 1st"]
[Site "Tornelo INT"]
[Date "2021.02.21"]
[Round "5.26"]
[White "Provias, Christos"]
[Black "Kavounis, Giorgos"]
[Result "0-1"]
[WhiteElo "1204"]
[BlackElo "1378"]
[PlyCount "115"]
[EventDate "2021.02.20"]
[EventType "team-swiss (rapid)"]
[EventRounds "9"]
[EventCountry "GRE"]
[SourceTitle "EXT 2023"]
[Source "ChessBase"]
[SourceDate "2022.10.05"]
[SourceVersion "1"]
[SourceVersionDate "2022.10.05"]
[SourceQuality "1"]

1. e4 c5 2. Nf3 Nc6 3. d4 cxd4 4. Nxd4 e5 5. Nb5 d6 6. Be3 a6 7. N5c3 Nf6 8. Nd2 b5 9. Nd5 Nxd5 10. exd5 Ne7 11. c4 bxc4 12. Bxc4 Nf5 13. Qe2 Nxe3 14. Qxe3 Be7 15. 0-0 0-0 16. Rfc1 Bd7 17. Qe2 Qb6 18. Rab1 Rfc8 19. a3 Bb5 20. Bxb5 Qxb5 21. Qxb5 axb5 22. Rc6 Rxc6 23. dxc6 Rc8 24. Rc1 Bg5 25. Rc2 Bxd2 26. Rxd2 Rxc6 27. Kf1 f6 28. Ke2 Kf7 29. Kd1 Ke6 30. b3 Rc3 31. Rb2 d5 32. a4 bxa4 33. bxa4 Kd6 34. Rb7 Rc7 35. Rb6+ Kc5 36. a5 Ra7 37. Ke2 Rxa5 38. Rb7 Ra2+ 39. Ke1 Ra1+ 40. Ke2 Kd4 41. Rxg7 Ra2+ 42. Kf3 e4+ 43. Kf4 Rxf2+ 44. Kg3 Rf5 45. Rxh7 e3 46. Rh4+ Kd3 47. Ra4 Rg5+ 48. Kf3 d4 49. h4 Rc5 50. g4 e2 51. Ra3+ Kd2 52. Ra2+ Rc2 53. Rxc2+ Kxc2 54. Kxe2 d3+ 55. Ke1 d2+ 56. Kf2 d1Q 57. Kg3 Qd3+ 58. Kh2 0-1

[Event "GRE-chT Online Rapid op 1st"]
[Site "Tornelo INT"]
[Date "2021.02.21"]
[Round "7.24"]
[White "Theodoropoulos, Dimitrios"]
[Black "Kavounis, Giorgos"]
[Result "0-1"]
[WhiteElo "1194"]
[BlackElo "1378"]
[PlyCount "29"]
[EventDate "2021.02.20"]
[EventType "team-swiss (rapid)"]
[EventRounds "9"]
[EventCountry "GRE"]
[SourceTitle "EXT 2023"]
[Source "ChessBase"]
[SourceDate "2022.10.05"]
[SourceVersion "1"]
[SourceVersionDate "2022.10.05"]
[SourceQuality "1"]

1. e4 c5 2. Nc3 e6 3. g3 Nc6 4. d3 Nf6 5. Bg2 d5 6. Nh3 dxe4 7. Nxe4 Nxe4 8. Bxe4 Be7 9. Be3 e5 10. Bg2 0-0 11. 0-0 Nd4 12. Qd2 Bxh3 13. Bxh3 Nf3+ 14. Kg2 Nxd2 15. Bxd2 0-1

[Event "GRE-ch South U14"]
[Site "Athens"]
[Date "2020.09.03"]
[Round "9"]
[White "Proutsalis, Marios Alexandros"]
[Black "Kavounis, Giorgos"]
[Result "1/2-1/2"]
[WhiteElo "1509"]
[BlackElo "1409"]
[PlyCount "60"]
[EventDate "2020.08.28"]
[EventType "swiss"]
[EventRounds "9"]
[EventCountry "GRE"]
[SourceTitle "EXT 2023"]
[Source "ChessBase"]
[SourceDate "2022.10.05"]
[SourceVersion "1"]
[SourceVersionDate "2022.10.05"]
[SourceQuality "1"]

1. e4 c5 2. Nc3 e6 3. g3 Ne7 4. Bg2 d6 5. d3 g6 6. f4 Bg7 7. Nf3 0-0 8. 0-0 Nbc6 9. Rb1 Rb8 10. Bd2 b5 11. a3 a5 12. a4 b4 13. Nb5 Nd4 14. c4 Nxb5 15. cxb5 Bb7 16. Qe2 Qd7 17. Rfc1 Rbc8 18. Be1 Rfd8 19. Bf2 f5 20. e5 Bxf3 21. Bxf3 dxe5 22. Rxc5 Rxc5 23. Bxc5 exf4 24. Bxe7 Qxe7 25. gxf4 Qd6 26. Rd1 e5 27. fxe5 Bxe5 28. Re1 Qd4+ 29. Kh1 Qf4 30. Bc6 Bd6 1/2-1/2

[Event "GRE-ch South U14"]
[Site "Athens"]
[Date "2020.08.31"]
[Round "6"]
[White "Kavounis, Giorgos"]
[Black "Misailidis, Matthaios"]
[Result "1/2-1/2"]
[WhiteElo "1409"]
[BlackElo "1303"]
[PlyCount "33"]
[EventDate "2020.08.28"]
[EventType "swiss"]
[EventRounds "9"]
[EventCountry "GRE"]
[SourceTitle "EXT 2023"]
[Source "ChessBase"]
[SourceDate "2022.10.05"]
[SourceVersion "1"]
[SourceVersionDate "2022.10.05"]
[SourceQuality "1"]

1. d4 e6 2. c4 Nf6 3. Nf3 d5 4. Nc3 dxc4 5. e4 b6 6. Bxc4 Bb7 7. Qc2 Bb4 8. Qa4+ Nc6 9. Bb5 0-0 10. Bxc6 Bxc6 11. Qxc6 e5 12. dxe5 Nd7 13. 0-0 Nc5 14. Be3 Ne6 15. Rfd1 Qc8 16. Nd5 a5 17. a3 1/2-1/2

[Event "GRE-ch South U14"]
[Site "Athens"]
[Date "2020.08.29"]
[Round "3"]
[White "Kavounis, Giorgos"]
[Black "Papadimitriou, Dimitrios"]
[Result "1-0"]
[WhiteElo "1409"]
[BlackElo "1143"]
[PlyCount "74"]
[EventDate "2020.08.28"]
[EventType "swiss"]
[EventRounds "9"]
[EventCountry "GRE"]
[SourceTitle "EXT 2023"]
[Source "ChessBase"]
[SourceDate "2022.10.05"]
[SourceVersion "1"]
[SourceVersionDate "2022.10.05"]
[SourceQuality "1"]

1. e4 e5 2. Nf3 Nc6 3. Bc4 Be7 4. 0-0 Nf6 5. Re1 0-0 6. c3 d6 7. h3 h6 8. d4 exd4 9. Nxd4 Ne5 10. Bb3 b6 11. f4 Ng6 12. e5 dxe5 13. fxe5 Nh7 14. Qf3 Bd7 15. Qe4 Kh8 16. Bxf7 Rxf7 17. Qxg6 Qe8 18. Qe4 Bc5 19. e6 Bc6 20. Qe5 Re7 21. Kh1 Bxd4 22. cxd4 Rd8 23. Nc3 Nf6 24. Bxh6 Qg6 25. Bg5 Nh7 26. h4 Nxg5 27. hxg5 Qh7+ 28. Kg1 Qc2 29. Re2 Qd3 30. Rd1 Qc4 31. Re3 Bb7 32. b3 Qc6 33. d5 Qc5 34. Qd4 Qxd4 35. Rdd3 Qxe3+ 36. Rxe3 a6 37. Rh3+ Kg8 1-0

[Event "GRE-ch U18 23rd"]
[Site "Rethymno"]
[Date "2020.01.05"]
[Round "6"]
[White "Kavounis, Giorgos"]
[Black "Pelantakis, Mihail"]
[Result "0-1"]
[WhiteElo "1349"]
[BlackElo "1970"]
[PlyCount "130"]
[EventDate "2020.01.02"]
[EventType "swiss"]
[EventRounds "9"]
[EventCountry "GRE"]
[SourceTitle "EXT 2021"]
[Source "ChessBase"]
[SourceDate "2020.10.23"]
[SourceVersion "1"]
[SourceVersionDate "2020.10.23"]
[SourceQuality "1"]

1. e4 c5 2. Nf3 a6 3. d4 cxd4 4. Nxd4 Nf6 5. Nc3 e5 6. Nde2 Bc5 7. Qd3 d6 8. Be3 Bxe3 9. Qxe3 0-0 10. 0-0-0 Nc6 11. f4 Qc7 12. f5 Ne7 13. Rg1 d5 14. Nxd5 Nexd5 15. exd5 Bxf5 16. Nc3 Rfd8 17. Bd3 e4 18. Nxe4 Nxd5 19. Qg3 Qc6 20. a3 b5 21. Rgf1 Bg6 22. Ng5 Rac8 23. Bxg6 Qxg6 24. Rd3 Nf6 25. Rxd8+ Rxd8 26. Rd1 Rc8 27. Rd3 h6 28. Nh3 Qe4 29. Qf3 Qe6 30. Kb1 Ng4 31. Qg3 Qf5 32. Nf4 Ne5 33. Rd2 Nc4 34. Rd3 Qe5 35. c3 Re8 36. Kc1 Qe1+ 37. Qxe1 Rxe1+ 38. Kc2 Rf1 39. g3 Rf2+ 40. Kc1 Rxb2 41. h3 Ra2 42. Nd5 Rxa3 43. Ne3 Nxe3 44. Rxe3 a5 45. Kb2 b4 46. Re8+ Kh7 47. c4 Rxg3 48. c5 Rc3 49. Rc8 g5 50. Rc7 Kg7 51. Rc8 h5 52. c6 g4 53. hxg4 hxg4 54. c7 g3 55. Rd8 Rxc7 56. Rd4 Rc6 57. Rd1 f5 58. Rg1 f4 59. Kb3 Kg6 60. Ka4 Kg5 61. Kxa5 Kg4 62. Kxb4 f3 63. Kb5 f2 64. Rxg3+ Kxg3 65. Kxc6 f1Q 0-1

[Event "GRE-ch U18"]
[Site "Rethymno"]
[Date "2019.01.06"]
[Round "7"]
[White "Kavounis, Giorgos"]
[Black "Bairamian, Artur"]
[Result "1/2-1/2"]
[WhiteElo "1192"]
[BlackElo "1411"]
[PlyCount "83"]
[EventDate "2019.01.02"]
[EventType "swiss"]
[EventRounds "9"]
[EventCountry "GRE"]
[SourceTitle "CBM 188 Extra"]
[Source "ChessBase"]
[SourceDate "2019.02.26"]
[SourceVersion "1"]
[SourceVersionDate "2019.02.26"]
[SourceQuality "1"]

1. e4 e5 2. Nf3 Nc6 3. Bc4 Bc5 4. 0-0 Nf6 5. Re1 0-0 6. c3 d6 7. d4 Bb6 8. Bg5 exd4 9. cxd4 Bg4 10. e5 dxe5 11. dxe5 Qxd1 12. Rxd1 Bxf3 13. Re1 Bxf2+ 14. Kxf2 Ne4+ 15. Kxf3 Nxe5+ 16. Kxe4 Nxc4 17. Rc1 Nd6+ 18. Kf3 Nb5 19. Be3 c6 20. Nc3 Nc7 21. Re1 b6 22. Rad1 Ne6 23. Kg3 h6 24. Rd6 c5 25. Kf2 Rfe8 26. Red1 Kf8 27. Rd7 g5 28. Nb5 Re7 29. Rxe7 Kxe7 30. Nd6 Ng7 31. Nc4 Nf5 32. Re1 Kf6 33. Bd2 Rd8 34. Bc3+ Nd4 35. Rd1 h5 36. Bxd4+ cxd4 37. Nd2 Rd7 38. Nb3 Ke5 39. Nd2 g4 40. g3 Kd5 41. Nb3 Kc4 42. Rc1+ 1/2-1/2

[Event "GRE-ch U18"]
[Site "Rethymno"]
[Date "2019.01.04"]
[Round "4"]
[White "Papidakis, Georgios"]
[Black "Kavounis, Giorgos"]
[Result "1-0"]
[WhiteElo "1749"]
[BlackElo "1192"]
[PlyCount "71"]
[EventDate "2019.01.02"]
[EventType "swiss"]
[EventRounds "9"]
[EventCountry "GRE"]
[SourceTitle "CBM 188 Extra"]
[Source "ChessBase"]
[SourceDate "2019.02.26"]
[SourceVersion "1"]
[SourceVersionDate "2019.02.26"]
[SourceQuality "1"]

1. d4 d5 2. Bf4 c6 3. e3 Bf5 4. c4 e6 5. Nc3 Nf6 6. Qb3 b6 7. Nf3 Nbd7 8. Nh4 Be4 9. Bg3 Be7 10. cxd5 Bxd5 11. Qc2 c5 12. Nf3 Bxf3 13. gxf3 cxd4 14. exd4 a6 15. Bd3 b5 16. 0-0 Rc8 17. Qe2 0-0 18. Ne4 Qb6 19. Rfd1 Nh5 20. a4 Nxg3 21. hxg3 bxa4 22. Bxa6 Rb8 23. Rd2 Qb4 24. Rc1 a3 25. bxa3 Qxa3 26. Rf1 Nf6 27. Bc4 Qb4 28. Kg2 Rfc8 29. Ba2 Rd8 30. Rfd1 Qa4 31. Ng5 Ne8 32. Nxf7 Rd7 33. Qxe6 Kf8 34. Ne5 Bb4 35. Nxd7+ Qxd7 36. Qxd7 1-0

[Event "GRE-ch U18"]
[Site "Rethymno"]
[Date "2019.01.03"]
[Round "2"]
[White "Kavounis, Giorgos"]
[Black "Kasioumis, Vasilios"]
[Result "0-1"]
[WhiteElo "1192"]
[BlackElo "2081"]
[PlyCount "50"]
[EventDate "2019.01.02"]
[EventType "swiss"]
[EventRounds "9"]
[EventCountry "GRE"]
[SourceTitle "CBM 188 Extra"]
[Source "ChessBase"]
[SourceDate "2019.02.26"]
[SourceVersion "1"]
[SourceVersionDate "2019.02.26"]
[SourceQuality "1"]

1. e4 c5 2. Nf3 e6 3. b3 b6 4. Bb2 Bb7 5. Nc3 Nc6 6. g3 Nf6 7. d3 d5 8. exd5 exd5 9. d4 Be7 10. dxc5 bxc5 11. Bg2 d4 12. Ne2 Ne5 13. Nf4 Qa5+ 14. Nd2 Bxg2 15. Nxg2 Ne4 16. a3 Nxd2 17. Ke2 Nef3 18. Nf4 Qa6+ 19. c4 dxc3+ 20. Nd3 Qe6+ 21. Ne5 Qxe5+ 22. Kd3 0-0-0+ 23. Kc2 Qe4+ 24. Kc1 Nxb3+ 25. Qxb3 Bg5# 0-1